000 00472cam a2200193 4500
008 000000n1999 000 0 eng u
020 _a187077616X
035 _a(Sirsi) u101164
041 _aENG
100 _aWatts, T
245 _aWatts pocket handbook 1999.
260 _bWatts & Partners
_c1999
300 _a192p. ; 18cm.
350 _a5.00
650 _aPROPERTY INDUSTRY
650 _aCONSTRUCTION INDUSTRY
690 _aBUILT ENVIRONMENT
942 _n0
999 _c100026
_d100026